Рассказы

Detalles Bibliográficos
Autor principal: Горький М. Максим
Otros Autores: Синенко В. С. (автор предисловия)
Sumario:Исключено из фонда НТБ ТПУ
Lenguaje:ruso
Publicado: Уфа, Башкирское книжное издательство, 1980
Colección:Золотые родники
Formato: MixedMaterials Libro
KOHA link:https://koha.lib.tpu.ru/cgi-bin/koha/opac-detail.pl?biblionumber=136866

MARC

LEADER 00000nam0a2200000 4500
001 136866
005 20231101220639.0
020 |a RU  |b 80-65256 
035 |a (RuTPU)RU\TPU\book\148347 
090 |a 136866 
100 |a 20080429d1980 m y0rusy5003 ca 
101 0 |a rus 
102 |a RU 
105 |a c z 000ay 
200 1 |a Рассказы  |f М. Горький  |g авт. предисл. В. С. Синенко 
210 |a Уфа  |c Башкирское книжное издательство  |d 1980 
215 |a 303 с.  |c портр.  |d 21 см. 
225 1 |a Золотые родники 
333 |a Исключено из фонда НТБ ТПУ 
675 |a Р2  |z rus 
700 1 |a Горький  |b М.  |c настоящая фамилия Пешков  |c русский писатель  |c публицист  |f 1868-1936  |g Максим  |2 stltpush  |3 (RuTPU)RU\TPU\pers\1037  |9 460 
702 1 |a Синенко  |b В. С.  |4 080 
801 0 |a RU  |b RuMRKP  |c 19950704  |g psbo 
801 1 |a RU  |b 63413507  |c 20080429  |g PSBO 
801 2 |a RU  |b 63413507  |c 20230213  |g PSBO 
942 |c BK